000 01537cam a2200373 i 4500
001 25380
003 Mx-PuUPA
005 20250825111748.0
008 140415s2011 sp a gr 000 0 spa d
017 _aNA. 3.174-2011
020 _a9788499452272
040 _aMx-PuUPA
_bspa
_cMx-PuUPA
_dMx-PuUPA
_erda
041 1 _aspa
_hita
100 1 _9790
_aFantoli, Annibale,
_d1924-
_eautor
240 1 0 _aGalileo : per il copernicanesimo e per la chiesa.
_lEspañol
245 1 0 _aGalileo :
_bpor el copernicanismo y por la iglesia /
_cAnnibale Fantoli ; traducido del italiano por María Antonia Martí Escayol
264 1 _aNavarra España :
_bEditorial Verbo Divino,
_c©2011
300 _a543 páginas :
_bilustraciones ;
_c22 cm
336 _2rdacontent
_atexto
_btxt
337 _2rdamedia
_asin medio
_bn
338 _2rdacarrier
_avolumen
_bnc
490 0 _aColección <<Teología y ciencias>>
600 1 4 _aGalelei, Galileo,
_d1564-1642
600 1 4 _aCopernico, Nicolas,
_d1473-1543
_xInfluencia
600 1 4 _aGalilei, Galileo,
_d1564-1642
_xDiálogos de los grandes sistemas
650 7 _2armarc
_aHistoria de la iglesia
_ySiglo XVII
650 7 _2armarc
_aReligión y ciencia
_zItalia
700 1 _aMartí Escayol, María Antonia,
_etraductor
765 0 _aFantoli, Annibale
_tGalileo : Per il copernicanesimo e per la chiesa.
_dNavarra, España : Vatican Observatory Foundation, 2010
942 _2ddc
_cLI
_h520.94509032
_iF5518
999 _c25380
_d25380